NCAA Wrestling 2000s National Champions - Statistics

General Stats
  • This quiz has been taken 60 times
  • The average score is 23 of 100
Answer Stats
Year Weight Answer School % Correct
2000 184 Cael Sanderson Iowa St
71%
2001 184 Cael Sanderson Iowa St
71%
2002 197 Cael Sanderson Iowa St
71%
2009 157 Jordan Burroughs Nebraska
57%
2000 285 Brock Lesnar Minnesota
50%
2006 174 Ben Askren Missouri
46%
2007 174 Ben Askren Missouri
46%
2002 174 Greg Jones West Virginia
43%
2004 184 Greg Jones West Virginia
43%
2005 184 Greg Jones West Virginia
43%
2003 125 Travis Lee Cornell
43%
2005 133 Travis Lee Cornell
43%
2008 149 Brent Metcalf Iowa
36%
2009 125 Troy Nickerson Cornell
36%
2009 149 Darrion Caldwell NC St
32%
2001 125 Stephen Abas Fresno St
32%
2002 125 Stephen Abas Fresno St
32%
2003 285 Steve Mocco Iowa
32%
2005 285 Steve Mocco Oklahoma St
32%
2008 125 Angel Escobedo Indiana
29%
2009 133 Frank Gomez Michigan St
29%
2007 184 Jake Herbert Northwestern
29%
2009 184 Jake Herbert Northwestern
29%
2008 197 Phil Davis Penn St
29%
2001 157 T.J. Williams Iowa
29%
2000 149 Tony Davis Northern Iowa
29%
2000 141 Carl Perry Illinois
25%
2007 149 Gregor Gillespie Edinboro
25%
2009 197 Jake Varner Iowa St
25%
2008 157 Jordan Leen Cornell
25%
2001 174 Josh Koscheck Edinboro
25%
2007 165 Mark Perry Iowa
25%
2008 165 Mark Perry Iowa
25%
2005 149 Zack Esposito Oklahoma St
25%
2008 133 Coleman Scott Oklahoma St
21%
2000 165 Don Pritzlaff Wisconsin
21%
2001 165 Don Pritzlaff Wisconsin
21%
2000 133 Eric Juergens Iowa
21%
2001 133 Eric Juergens Iowa
21%
2005 165 Johny Hendricks Oklahoma St
21%
2006 165 Johny Hendricks Oklahoma St
21%
2008 174 Keith Gavin Pittsburgh
21%
2003 141 Teyon Ware Oklahoma
21%
2005 141 Teyon Ware Oklahoma
21%
2002 285 Tommy Rowlands Ohio St
21%
2004 285 Tommy Rowlands Ohio St
21%
2007 157 Trent Paulson Iowa St
21%
2001 149 Adam Tirapelle Illinois
18%
2004 174 Chris Pendelton Oklahoma St
18%
2005 174 Chris Pendelton Oklahoma St
18%
2004 141 Cliff Moore Iowa
18%
2006 285 Cole Konrad Minnesota
18%
2007 285 Cole Konrad Minnesota
18%
2003 197 Damion Hahn Minnesota
18%
2004 197 Damion Hahn Minnesota
18%
2007 141 Derek Moore Cal-Davis
18%
2003 184 Jake Rosholt Oklahoma St
18%
2005 197 Jake Rosholt Oklahoma St
18%
2006 197 Jake Rosholt Oklahoma St
18%
2008 141 J. Jaggers Ohio St
18%
2009 141 J. Jaggers Ohio St
18%
2005 125 Joe Dubuque Indiana
18%
2006 125 Joe Dubuque Indiana
18%
2002 133 Johnny Thompson Oklahoma St
18%
2003 133 Johnny Thompson Oklahoma St
18%
2007 197 Josh Glenn American
18%
2001 197 Mark Munoz Oklahoma St
18%
2001 141 Michael Lightner Oklahoma
18%
2007 125 Paul Donahoe Nebraska
18%
2002 184 Rob Rohn Lehigh
18%
2006 157 Ben Cherrington Boise St
14%
2000 197 Brad Vering Nebraska
14%
2000 157 Brett Matter Penn
14%
2000 174 Byron Tucker Oklahoma
14%
2008 285 Dustin Fox Northwestern
14%
2006 149 Dustin Schlatter Minnesota
14%
2003 149 Eric Larkin Arizona St
14%
2002 149 Jared Lawrence Minnesota
14%
2004 125 Jason Powell Nebraska
14%
2000 125 Jeremy Hunter Penn St
14%
2004 149 Jesse Jantzen Harvard
14%
2001 285 John Lockhart Illinois
14%
2009 285 Mark Ellis Missouri
14%
2004 157 Matt Gentry Stanford
14%
2006 133 Matt Valenti Penn
14%
2007 133 Matt Valenti Penn
14%
2008 184 Mike Pucillo Ohio St
14%
2006 184 Shane Webster Oregon
14%
2002 141 Aaron Holker Iowa St
11%
2009 165 Jarrod King Edinboro
11%
2002 165 Joe Heskett Iowa St
11%
2002 157 Luke Becker Minnesota
11%
2003 165 Matt Lackey Illinois
11%
2006 141 Nate Gallick Iowa St
11%
2003 174 Robbie Waller Oklahoma
11%
2003 157 Ryan Bertin Michigan
11%
2005 157 Ryan Bertin Michigan
11%
2009 174 Steve Luke Michigan
11%
2004 165 Troy Letters Lehigh
11%
2004 133 Zach Roberson Iowa St
11%
No matching quizzes found
Score Distribution
Percent of People with Each Score
Percentile by Number Answered
Your Score History
You have not taken this quiz